[Event "Temuco Dalai Larama Cup 1st"]
[Site "Temuco"]
[Date "2018.05.18"]
[Round "1.2"]
[White "Pena Cifuentes, Tomas Alberto"]
[Black "Castillo Rivera, Carlos Alberto"]
[Result "0-1"]
[WhiteElo "1915"]
[BlackElo "1963"]
[PlyCount "97"]
[EventDate "2018.05.18"]
[EventType "tourn"]
[EventRounds "10"]
[EventCountry "CHI"]
[SourceTitle "EXT 2024"]
[Source "ChessBase"]
[SourceDate "2023.10.10"]
[SourceVersion "1"]
[SourceVersionDate "2023.10.10"]
[SourceQuality "1"]

1. d4 Nf6 2. Bg5 g6 3. Bxf6 exf6 4. e3 Bg7 5. h4 h5 6. c4 0-0 7. Nc3 d6 8. Nge2 Nc6 9. g3 a6 10. Bg2 Rb8 11. 0-0 Ne7 12. b4 g5 13. Nd5 Ng6 14. f4 g4 15. f5 Ne7 16. e4 Nxd5 17. cxd5 Bh6 18. Nf4 Bxf4 19. Rxf4 Re8 20. Rc1 Bd7 21. Qd2 c6 22. dxc6 bxc6 23. a3 Qb6 24. Kh2 Kh7 25. Re1 Rbd8 26. Qc3 Re7 27. Rf2 Rde8 28. Rc1 Kg7 29. Qd2 Rc8 30. Qd3 c5 31. bxc5 dxc5 32. Rfc2 c4 33. Qc3 Ba4 34. Rb2 Bb3 35. e5 fxe5 36. dxe5 f6 37. exf6+ Qxf6 38. Qxf6+ Kxf6 39. Rxb3 cxb3 40. Rxc8 b2 41. Rb8 Re2 42. a4 Kxf5 43. a5 Ke5 44. Rb4 Kd6 45. Rd4+ Kc5 46. Rd1 Rc2 47. Rb1 Kb4 48. Rd1 Rc1 49. Rd2 0-1

[Event "Wch U14"]
[Site "Montevideo"]
[Date "2017.09.26"]
[Round "11"]
[White "Pena Cifuentes, Tomas Alberto"]
[Black "Mollo, Jhoan"]
[Result "0-1"]
[WhiteElo "1943"]
[BlackElo "1868"]
[PlyCount "86"]
[EventDate "2017.09.17"]
[EventType "swiss"]
[EventRounds "11"]
[EventCountry "URU"]
[SourceTitle "EXT 2018"]
[Source "ChessBase"]
[SourceDate "2017.10.13"]
[SourceVersion "1"]
[SourceVersionDate "2017.10.13"]
[SourceQuality "1"]

1. d4 d5 2. c4 e6 3. Nf3 Nf6 4. Bf4 c6 5. e3 Be7 6. Nc3 0-0 7. Bd3 dxc4 8. Bxc4 b5 9. Bd3 Bb7 10. 0-0 Nbd7 11. h3 a6 12. a3 c5 13. Rc1 cxd4 14. exd4 Rc8 15. Bb1 Nb6 16. Qd3 Nc4 17. Nd1 Be4 18. Qe2 Bxf3 19. Qxf3 Qxd4 20. Be3 Nxe3 21. Qxe3 Qxe3 22. Nxe3 Bc5 23. Rfd1 Bxe3 24. fxe3 g6 25. Kf1 Rxc1 26. Rxc1 Rd8 27. Ke2 Rd6 28. Bd3 Nd7 29. b3 f5 30. Rc7 Kf7 31. a4 bxa4 32. bxa4 Ke8 33. Rc8+ Ke7 34. Rh8 Nf8 35. g4 Kf7 36. gxf5 gxf5 37. e4 fxe4 38. Bxe4 Kg7 39. Rxf8 Kxf8 40. Bxh7 Rd4 41. Bc2 Rh4 42. Bb3 Ke7 43. a5 Rh5 0-1

[Event "Wch U14"]
[Site "Montevideo"]
[Date "2017.09.25"]
[Round "10"]
[White "Nesse, David"]
[Black "Pena Cifuentes, Tomas Alberto"]
[Result "0-1"]
[WhiteElo "1716"]
[BlackElo "1943"]
[PlyCount "110"]
[EventDate "2017.09.17"]
[EventType "swiss"]
[EventRounds "11"]
[EventCountry "URU"]
[SourceTitle "EXT 2018"]
[Source "ChessBase"]
[SourceDate "2017.10.13"]
[SourceVersion "1"]
[SourceVersionDate "2017.10.13"]
[SourceQuality "1"]

1. e4 e6 2. Qe2 c5 3. Nf3 Nc6 4. g3 Nge7 5. Bg2 d5 6. d3 g6 7. 0-0 Bg7 8. e5 Qc7 9. Bf4 g5 10. Bxg5 Nxe5 11. Nxe5 Qxe5 12. Qxe5 Bxe5 13. c3 f6 14. Be3 Bd6 15. Nd2 Nf5 16. Nb3 Nxe3 17. fxe3 0-0 18. c4 dxc4 19. dxc4 Rb8 20. a4 b6 21. Nd2 Be5 22. Ra2 Ba6 23. b3 Rbd8 24. Ne4 Rd3 25. Raf2 f5 26. g4 Bc8 27. Nd2 Rxe3 28. gxf5 Bd4 29. Kh1 Rxf5 30. Rxf5 exf5 31. Bd5+ Kg7 32. Rg1+ Kf6 33. Rg8 Re1+ 34. Kg2 Rg1+ 35. Kh3 Rxg8 36. Bxg8 h6 37. Bd5 Kg5 38. Kg3 Be5+ 39. Kf2 Bc3 40. Nf3+ Kf4 41. h3 Bd4+ 42. Nxd4 cxd4 43. b4 Ke5 44. a5 bxa5 45. bxa5 Be6 46. Bxe6 Kxe6 47. Ke2 Kd6 48. Kd3 Kc5 49. h4 h5 50. a6 f4 51. Ke4 Kxc4 52. Kxf4 d3 53. Kg5 d2 54. Kxh5 d1Q+ 55. Kg6 Qg4+ 0-1

[Event "South America-ch U14 13th"]
[Site "Santiago de Chile"]
[Date "2016.12.01"]
[Round "1"]
[White "Pena Cifuentes, Tomas Alberto"]
[Black "Gallardo Aguilera, Diego"]
[Result "1-0"]
[WhiteElo "1778"]
[BlackElo "1350"]
[PlyCount "77"]
[EventDate "2016.12.01"]
[EventType "swiss"]
[EventRounds "9"]
[EventCountry "CHI"]
[SourceTitle "EXT 2018"]
[Source "ChessBase"]
[SourceDate "2017.10.13"]
[SourceVersion "1"]
[SourceVersionDate "2017.10.13"]
[SourceQuality "1"]

1. d4 e6 2. c4 Nf6 3. Nf3 b6 4. g3 Bb7 5. Bg2 Bb4+ 6. Bd2 Bxd2+ 7. Nbxd2 0-0 8. 0-0 d6 9. Qc2 Nbd7 10. Rfd1 Qe7 11. e3 c5 12. Rac1 Rfd8 13. Ng5 d5 14. f4 h6 15. Ngf3 Ng4 16. Re1 Ndf6 17. Ne5 Nxe5 18. fxe5 Nd7 19. Bh3 dxc4 20. Nxc4 cxd4 21. exd4 Rac8 22. Qf2 Ba6 23. Nd6 Rxc1 24. Rxc1 Nf6 25. Rc6 Ne4 26. Nxe4 Bb7 27. Qc2 Bxc6 28. Qxc6 Qd7 29. Qd6 Qxd6 30. Nxd6 Kf8 31. Kf2 Ke7 32. Ke3 f6 33. Bg2 fxe5 34. dxe5 Rd7 35. b4 Rc7 36. Kd2 a5 37. a3 axb4 38. axb4 Ra7 39. Nc8+ 1-0